Fighter Jets by Image - Click quiz - Statistics

General Stats
  • This quiz has been taken 3,312 times
  • The average score is 9 of 13
Answer Stats
Hint Answer % Correct
Lockheed Martin F-22 Raptor
90%
Lockheed Martin F-35 Lightning II
87%
McDonnell Douglas F-15 Eagle
82%
McDonnell Douglas F/A-18 Hornet
81%
Chengdu J-20
76%
EurofighterTyphoon
72%
Soukhoï Su-57 Felon
72%
Soukhoï Su-35
66%
Dassault Mirage 2000 C
65%
Dassault Rafale
64%
Panavia Tornado
60%
Saab JAS 39 Gripen
57%
Mikoyan MiG-35 Fulcrum
53%
No matching quizzes found
Score Distribution
Percent of People with Each Score
Percentile by Number Answered
Your Score History
You have not taken this quiz